Marketingový plán spoločnosti Medar, s.r.o bakalárska práca

Salvato in:
Dettagli Bibliografici
Autore principale: Hiščárová, Veronika
Ente Autore: Podnikovohospodárska fakulta EU so sídlom v Košiciach. Katedra obchodného podnikania
Altri autori: Naščáková, Jana
Natura: Libro
Lingua:slovacco
Pubblicazione: Košice 2016
Tags: Aggiungi Tag
Nessun Tag, puoi essere il primo ad aggiungerne!!

MARC

LEADER 00000nbm a2200000 4500
001 0217613
005 20161219090520.2
041 0 |a slo 
044 |a SK 
245 1 0 |a Marketingový plán spoločnosti Medar, s.r.o  |b bakalárska práca  |c Veronika Hiščárová ; školiteľ: Jana Naščáková 
264 1 |a Košice  |c 2016 
300 |a 57 s. 
100 1 |a Hiščárová, Veronika 
700 1 |a Naščáková, Jana 
710 2 |a Podnikovohospodárska fakulta EU so sídlom v Košiciach. Katedra obchodného podnikania